000 00734nam a2200205Ia 4500
005 20241216011330.0
008 190429s9999||||xx |||||||||||||| ||und||
082 _a331.44
_bS21
100 _aSANCHEZ PINTO, MARLENY MABEL Y ARRIETA MIRAVAL, EDITH JACQUELINE
245 0 _aREPERCUCION DE LA EDAD DE LA MADRE PRIMIPARA EN ALTO RIESGO CON EL PESO DEL RECIEN NACIDO PREMATURO SERVICIO DE MATERNIDAD HOSPITAL DOMINGO OLAVEGOYA JAUJA - ENERO - JUNIO 1993
250 _a0
260 _aCERRO DE PASCO-PERU
_bUNDAC
_c1995
300 _a52 pag.
_c30.5 cm.
341 _h0
490 _v0
_a0
505 _aMATERIALES-METODOS-RESULTADOS
541 _aD
_bSANCHEZ PINTO MARLENY
_d18-Sep-98
_oSoles
650 _aEnfermería
942 _cTESIS
999 _c38998
_d38998